Southville International School and Colleges
Your cart is empty.
  • Cart
  • Lists
    Public lists Eva Luna New books Lux_list list_1
    Your lists Log in to create your own lists
  • Log in to your account
  • Your cookies
  • Search history
Southville International School and Colleges
  • Advanced search
  • Recent comments
  • Most popular
  • Libraries

Log in to your account

Log in with GOOGLE


If you do not have an external account, but do have a local account, you can still log in:

  1. Home
  2. MARC view: Aladdin and the magic lamp and other tales /
Normal view MARC view ISBD view

Aladdin and the magic lamp and other tales / (Record no. 11782)

[ view plain ]
MARC details
000 -LEADER
fixed length control field 00763nam a22002297a 4500
003 - CONTROL NUMBER IDENTIFIER
control field OSt
005 - DATE AND TIME OF LATEST TRANSACTION
control field 20151028104447.0
008 - FIXED-LENGTH DATA ELEMENTS--GENERAL INFORMATION
fixed length control field 130920t xxu||||| |||| 00| 0 eng d
020 ## - INTERNATIONAL STANDARD BOOK NUMBER
International Standard Book Number 9833664016
050 ## - LIBRARY OF CONGRESS CALL NUMBER
Classification number PZ 8
Item number .Al316 2007
082 ## - DEWEY DECIMAL CLASSIFICATION NUMBER
Classification number GS 398.20421
Item number C43a 2007
245 ## - TITLE STATEMENT
Title Aladdin and the magic lamp and other tales /
260 ## - PUBLICATION, DISTRIBUTION, ETC. (IMPRINT)
Place of publication, distribution, etc Malaysia :
Name of publisher, distributor, etc Kohwai & Young,
Date of publication, distribution, etc 2007.
300 ## - PHYSICAL DESCRIPTION
Extent 66 p. :
Other physical details col. ill. ;
Dimensions 28 cm.
440 ## - SERIES STATEMENT/ADDED ENTRY--TITLE
Title Children's favourite fairy tales
9 (RLIN) 21075
520 ## - SUMMARY, ETC.
Summary, etc Aladdin and the Magic Lamp<br/>Beauty and the Best<br/>The Three Billy Goats Gruff<br/>The Little Match Girl
650 ## - SUBJECT ADDED ENTRY--TOPICAL TERM
Topical term or geographic name as entry element Aladdin (Tale).
9 (RLIN) 21089
650 ## - SUBJECT ADDED ENTRY--TOPICAL TERM
Topical term or geographic name as entry element Fairy tales.
9 (RLIN) 3114
650 ## - SUBJECT ADDED ENTRY--TOPICAL TERM
Topical term or geographic name as entry element Folk literature, English.
9 (RLIN) 21077
942 ## - ADDED ENTRY ELEMENTS (KOHA)
Source of classification or shelving scheme Library of Congress Classification
Koha item type Books
Holdings
Withdrawn status Lost status Source of classification or shelving scheme Damaged status Home library Current library Shelving location Date acquired Total Checkouts Full call number Barcode Date last seen Copy number Price effective from Koha item type
    Library of Congress Classification   Luxembourg Library Luxembourg Library Grade School Section 09/20/2013   PZ 8 .Al316 2007 16906 05/28/2015 1 09/20/2013 Books

Aladdin and the magic lamp and other tales /

APA

(2007). Aladdin and the magic lamp and other tales. Malaysia: Kohwai & Young.

Chicago

2007. Aladdin and the magic lamp and other tales. Malaysia: Kohwai & Young.

Harvard

(2007). Aladdin and the magic lamp and other tales. Malaysia: Kohwai & Young.

MLA

Aladdin and the magic lamp and other tales. Malaysia: Kohwai & Young. 2007.

  • Place hold
  • Print
  • Cite
  • Add to your cart (remove)
  • Save record
    BIBTEX Dublin Core MARCXML MARC (non-Unicode/MARC-8) MARC (Unicode/UTF-8) MARC (Unicode/UTF-8, Standard) MODS (XML) RIS
  • More searches
    Search for this title in:
    Other Libraries (WorldCat) Other Databases (Google Scholar) Online Stores (Bookfinder.com) Open Library (openlibrary.org)

Exporting to Dublin Core...

SOUTHVILLE LIBRARY

Southville International School and Colleges Library

1281 Tropical Ave. Cor. Luxembourg St., BF Homes International, Las Pinas City

Tel. No. 8256374 / 252358 Loc. 117/146

Powered by Koha